MARC details
| 000 -CABECERA |
| campo de control de longitud fija |
00959nam a2200217 a 4500 |
| 005 - FECHA Y HORA DE LA ÚLTIMA TRANSACCIÓN |
| campo de control |
20240806063855.0 |
| 008 - ELEMENTOS DE LONGITUD FIJA--INFORMACIÓN GENERAL |
| campo de control de longitud fija |
991125s1963 mx 000 0 spa u |
| 020 ## - NÚMERO INTERNACIONAL NORMALIZADO PARA LIBROS |
| Número Internacional Estándar del Libro |
9685828083 |
| 035 ## - NÚMERO DE CONTROL DEL SISTEMA |
| Número de control de sistema |
UPN01000042309 |
| 049 ## - COLECCIÓN |
| Colección |
CG |
| 050 #4 - SIGNATURA TOPOGRÁFICA DE LA BIBLIOTECA DEL CONGRESO |
| Número de clasificación |
PQ7297 F37 |
| Número de documento/Ítem |
O2 |
| 100 1# - ASIENTO PRINCIPAL--NOMBRE PERSONAL |
| Nombre de persona |
Fernández de Lizardi, José Joaquín, |
| Fechas asociadas al nombre |
1776-1827 |
| 245 10 - MENCIÓN DE TÍTULO |
| Título |
Obras / |
| Mención de responsabilidad, etc. |
José Joaquín Fernández de Lizardi. |
| 260 ## - PUBLICACIÓN, DISTRIBUCIÓN, ETC. |
| Lugar de publicación, distribución, etc. |
México : |
| Nombre del editor, distribuidor, etc. |
UNAM, Centro de Estudios Literarios, |
| Fecha de publicación, distribución, etc. |
1963. |
| 300 ## - DESCRIPCIÓN FÍSICA |
| Extensión |
v- |
| 440 #0 - MENCIÓN DE SERIE/ASIENTO SECUNDARIO--TÍTULO |
| Título |
Nueva biblioteca mexicana ; |
| Designación de volumen o secuencia |
8, 12, 30, 40, 80, 86, 87 |
| 505 8# - NOTA DE CONTENIDO CON FORMATO PREESTABLECIDO |
| Nota de contenido con formato |
Contenido: |
| Información miscelánea |
v.1 |
| Título |
Poesías y fábulas -- |
| Información miscelánea |
v.2 |
| Título |
Teatro -- |
| Información miscelánea |
v.3 |
| Título |
Periódicos -- |
| Información miscelánea |
v.4 |
| Título |
Periódicos : Alacena de frioleras. Cajoncitos de la alacena. Las sombras de Heráclito y Demócrito. El conductor eléctrico -- |
| Información miscelánea |
v.5 |
| Título |
Periódicos : El amigo |
| 600 14 - ASIENTO SECUNDARIO DE MATERIA - NOMBRE PERSONAL |
| Nombre de persona |
Fernández de Lizardi, José Joaquín, |
| Fechas asociadas al nombre |
1776-1827 - |
| Subdivisión general |
Crítica e interpretación |
| 9 (RLIN) |
17795 |
| 650 #4 - ASIENTO SECUNDARIO DE MATERIA - TERMINO TEMATICO |
| Término de materia o nombre geográfico como elemento de entrada |
Literatura mexicana |
| 9 (RLIN) |
4466 |
| 905 ## - TIPO DE MATERIAL |
| Tipo de material |
Libro |